Morgan Freeman Movies - Statistics

General Stats
  • This quiz has been taken 1,134 times
  • The average score is 11 of 70
Answer Stats
Hint Answer % Correct
1994 The Shawshank Redemption
71%
2003 Bruce Almighty
69%
2008 The Dark Knight
57%
2007 Evan Almighty
54%
2005 Batman Begins
52%
2012 The Dark Knight Rises
50%
1995 Se7en
46%
1989 Driving Miss Daisy
45%
2007 The Bucket List
44%
2004 Million Dollar Baby
34%
2001 Along Came a Spider
33%
2009 Invictus
30%
2010 RED
30%
1998 Deep Impact
29%
2005 March of the Penguins
28%
1989 Glory
27%
1997 Kiss the Girls
27%
1991 Robin Hood: Prince of Thieves
24%
2008 Wanted
24%
1992 Unforgiven
23%
1989 Lean on Me
14%
2006 Lucky Number Slevin
14%
2002 The Sum of All Fears
14%
1997 Amistad
13%
1995 Outbreak
12%
2005 War of the Worlds
12%
1996 Chain Reaction
11%
2007 Gone, Baby, Gone
10%
1998 Hard Rain
10%
2011 Dolphin Tale
9%
2003 Dreamcatcher
8%
2002 High Crimes
8%
2000 Nurse Betty
8%
1987 Street Smart
8%
1980 Brubaker
6%
1992 The Power of One
6%
2005 An Unfinished Life
5%
2004 The Big Bounce
5%
2006 The Contract
5%
2012 The Magic of Belle Isle
5%
2000 Under Suspicion
5%
2005 Unleashed
5%
2006 10 Items or Less
4%
1988 Clean and Sober
4%
2011 Conan the Barbarian
4%
2007 Feast of Love
4%
1984 Teachers
4%
1990 The Bonfire of the Vanities
4%
2009 The Maiden Heist
4%
2009 Thick as Thieves
4%
1981 Eyewitness
3%
1989 Johnny Handsome
3%
1985 Marie
3%
1996 Moll Flanders
3%
1964 The Pawnbroker
3%
1966 A Man Called Adam
2%
1984 Harry & Son
2%
2003 Levity
2%
1985 That Was Then... This Is Now
2%
1990 The Civil War
2%
2008 The Love Guru
2%
1968 Where Were You When the Lights Went Out?
2%
1993 Bopha!
1%
2011 Born to Be Wild
1%
1996 Cosmic Voyage
1%
2006 Edison Force
1%
2009 Prom Night in Mississippi
1%
2004 The Hunting of the President
1%
1997 The Long Way Home
1%
2003 Drug War
0%
No matching quizzes found
Score Distribution
Percent of People with Each Score
Percentile by Number Answered
Your Score History
You have not taken this quiz